| 000 | 00869cam a2200301 4500 | ||
|---|---|---|---|
| 001 | 20864 | ||
| 003 | IVS | ||
| 005 | 20260401172328.0 | ||
| 008 | 700120s1969 enka 000 0 eng | ||
| 010 | _a 73437753 | ||
| 015 | _aB69-20164 | ||
| 020 | _a0600012271 | ||
| 040 |
_aDLC _cDLC _dDLC |
||
| 041 | 1 | _aengita | |
| 050 | 0 | 0 |
_aNK7143 _b.B3433 |
| 082 | 0 | 0 |
_a739.2374 BAN _b20864 |
| 100 | 1 | _aBanister, Judith. | |
| 240 | 1 | 0 |
_aGli argenti inglesi. _lEnglish |
| 245 | 1 | 0 | _aEnglish silver. |
| 260 |
_aLondon, _aNew York [etc.] _bHamlyn, _c1969. |
||
| 300 |
_a157 p. _b71 col. illus. _c20 cm. |
||
| 490 | 0 | _aCameo | |
| 500 | _aOriginally published as 'Gli argenti inglesi'. Milano, Fabbri, 1966. | ||
| 650 | 0 |
_aSilverwork _zGreat Britain _xHistory. |
|
| 650 | 0 |
_aSilverwork _zEngland. |
|
| 906 |
_a7 _bcbc _corignew _du _encip _f19 _gy-gencatlg |
||
| 942 |
_2ddc _cBK _n0 |
||
| 999 |
_c14516 _d14516 |
||